LEADER 00933nam0 22002651i 450 001 VAN0050376 005 20060829120000.0 100 $a20060829d1999 |0itac50 ba 101 $aita 102 $aIT 105 $a|||| ||||| 200 1 $aAppunti sui reati in generale$fVito Lacoppola 210 $aBari$cCacucci$d1999 215 $a134 p.$d21 cm. 606 $aReato$3VANC002098$2FI 620 $dBari$3VANL000009 676 $a345.4502$cReati. Italia$v21 700 1$aLacoppola$bVito$3VANV002789$0228885 712 $aCacucci $3VANV108138$4650 801 $aIT$bSOL$c20230616$gRICA 899 $aBIBLIOTECA DEL DIPARTIMENTO DI GIURISPRUDENZA$1IT-CE0105$2VAN00 912 $aVAN0050376 950 $aBIBLIOTECA DEL DIPARTIMENTO DI GIURISPRUDENZA$d00CONS XIV.Ea.173 $e00CP 49 20060829 996 $aAppunti sui reati in generale$9982434 997 $aUNICAMPANIA LEADER 03308nam2 22007093i 450 001 VAN00298282 005 20260202103511.366 017 70$2N$a9783662036402 100 $a20250916d1998 |0itac50 ba 101 $aeng 102 $aDE 105 $a|||| ||||| 181 $ai$b e 182 $ab 183 $acr 200 1 $aˆ3: ‰Stochastic Calculus$fYu. V. Prokhorov, A. N. Shiryaev (Eds.) 210 $aBerlin$cSpringer$d1998 215 $a253 p.$d24 cm 410 1$1001VAN00024175$12001 $aEncyclopaedia of mathematical sciences$feditor in chief: R. V. Gamkrelidze$1210 $aBerlin [etc.]$cSpringer$v45 461 1$1001VAN00298281$12001 $aProbability theory$fYu. V. Prokhorov, A. N. Shiryaev (Eds.)$1210 $aBerlin$cSpringer$1215 $avolumi$d24 cm$v3 500 1$3VAN00243046$aTeoriya veroyatnostey 3$94435152 606 $aProbabilità$3VANC032413$2EC 606 $a00Bxx$xConference proceedings and collections of articles [MSC 2020]$3VANC021742$2MF 606 $a60-XX$xProbability theory and stochastic processes [MSC 2020]$3VANC020428$2MF 606 $a60G40$xStopping times; optimal stopping problems; gambling theory [MSC 2020]$3VANC024506$2MF 606 $a60G44$xMartingales with continuous parameter [MSC 2020]$3VANC020011$2MF 606 $a60G48$xGeneralizations of martingales [MSC 2020]$3VANC021486$2MF 606 $a60Hxx$xStochastic analysis [MSC 2020]$3VANC019765$2MF 606 $a60J60$xDiffusion processes [MSC 2020]$3VANC021477$2MF 606 $a60J65$xBrownian motion [MSC 2020]$3VANC020038$2MF 610 $aBrownian Motion$9KW:K 610 $aCalculus$9KW:K 610 $aDifferential equations$9KW:K 610 $aMalliavin Calculus$9KW:K 610 $aMartingales$9KW:K 610 $aMathematical statistics$9KW:K 610 $aProbability Theory$9KW:K 610 $aProbability spaces$9KW:K 610 $aSemimartingales$9KW:K 610 $aStatistics$9KW:K 610 $aStochastic Integrals$9KW:K 610 $aStochastisches Integrals$9KW:K 620 $dBerlin$3VANL000066 676 $a515$cAnalisi matematica$v22 702 1$aProkhorov$bIurii Vasilevich$3VANV040906$4340 702 1$aShiryaev$bAlbert N.$3VANV039954$4340 712 $aSpringer $3VANV108073$4650 790 1$aProkhorov, Yu. V.$zProkhorov, Iurii Vasilevich$3VANV040907 790 1$aProkhorov, J. V.$zProkhorov, Iurii Vasilevich$3VANV211047 790 1$aShiryaev, Albert Nikolaevich$zShiryaev, Albert N.$3VANV257907 790 1$aShiryaev, A. N.$zShiryaev, Albert N.$3VANV257908 790 1$aShiryaev, A.N.$zShiryaev, Albert N.$3VANV257909 790 1$aSirjaev, A. N.$zShiryaev, Albert N.$3VANV257910 790 1$aShiryayev, A. N.$zShiryaev, Albert N.$3VANV257911 801 $aIT$bSOL$c20260313$gRICA 856 4 $uhttps://doi.org/10.1007/978-3-662-03640-2$zE-book ? Accesso al full-text attraverso riconoscimento IP di Ateneo, proxy e/o Shibboleth 899 $aBIBLIOTECA DEL DIPARTIMENTO DI MATEMATICA E FISICA$1IT-CE0120$2VAN08 912 $fN 912 $aVAN00298282 950 $aBIBLIOTECA DEL DIPARTIMENTO DI MATEMATICA E FISICA$d08DLOAD e-Book 12696 $e08eMF12696 20251024 996 $aTeoriya veroyatnostey 3$94435152 997 $aUNICAMPANIA